Adaptive Control of air- to -air Missile using Multilayer NN feedforward and RISE Feedback terms / (Record no. 524567)
[ view plain ]
| 000 -LEADER | |
|---|---|
| fixed length control field | 00516nam a22001697a 4500 |
| 003 - CONTROL NUMBER IDENTIFIER | |
| control field | NUST |
| 038 ## - RECORD CONTENT LICENSOR | |
| Staff Name | Mr. Zahoor |
| 082 ## - DEWEY DECIMAL CLASSIFICATION NUMBER | |
| Classification number | 200 |
| 100 ## - MAIN ENTRY--PERSONAL NAME | |
| Personal name | Haleema Saadia |
| 9 (RLIN) | 15372 |
| 245 ## - TITLE STATEMENT | |
| Title | Adaptive Control of air- to -air Missile using Multilayer NN feedforward and RISE Feedback terms / |
| Statement of responsibility, etc. | Haleema Saadia |
| 260 ## - PUBLICATION, DISTRIBUTION, ETC. | |
| Place of publication, distribution, etc. | Islamabad : |
| Name of publisher, distributor, etc. | CEME - NUST, |
| Date of publication, distribution, etc. | 2015. |
| 300 ## - PHYSICAL DESCRIPTION | |
| Extent | 57 p. ; |
| 500 ## - GENERAL NOTE | |
| General note | Hard Bound. |
| 600 ## - SUBJECT ADDED ENTRY--PERSONAL NAME | |
| General subdivision | Electrical Engineering - MS Thesis |
| 9 (RLIN) | 15630 |
| 700 ## - ADDED ENTRY--PERSONAL NAME | |
| Relator code | Supervisor: Dr. Usman Ali |
| 942 ## - ADDED ENTRY ELEMENTS (KOHA) | |
| Source of classification or shelving scheme | |
| Koha item type | Thesis |
| Withdrawn status | Lost status | Source of classification or shelving scheme | Damaged status | Not for loan | Permanent Location | Current Location | Shelving location | Date acquired | Full call number | Barcode | Date last seen | Price effective from | Koha item type |
|---|---|---|---|---|---|---|---|---|---|---|---|---|---|
| Central Library (CL) | Central Library (CL) | Thesis | 06/24/2019 | 200 | CL-T-83 | 06/24/2019 | 06/24/2019 | Thesis |
